00458cam a2200181 i 4500001000800000005001700008008004100025010001700066020001500083040001800098041000800116080001300124082001600137100000600153101000800159245007000167504003900237224787220180208035056.0770920s1978 nyu b 001 0 eng  a 77014961  a0060461233 aDLCcDLCdDLC aeng a616.855 00a616.855 SHE a9 aPAT00aSpeech and language disorders :c[compiled by] Cynthia M. Shewan. aIncludes bibliographies and index.